Introducing human geographies / (Record no. 40)
[ view plain ]
| 000 -LEADER | |
|---|---|
| fixed length control field | 00690nam a22002177a 4500 |
| 005 - DATE AND TIME OF LATEST TRANSACTION | |
| control field | 20221230111828.0 |
| 008 - FIXED-LENGTH DATA ELEMENTS--GENERAL INFORMATION | |
| fixed length control field | 221230b |||||||| |||| 00| 0 eng d |
| 020 ## - INTERNATIONAL STANDARD BOOK NUMBER | |
| International Standard Book Number | 9780340882764 |
| 040 ## - CATALOGING SOURCE | |
| Original cataloging agency | KMU |
| Transcribing agency | KMU |
| 050 ## - LIBRARY OF CONGRESS CALL NUMBER | |
| Classification number | GF 41 Int 2005 |
| 245 ## - TITLE STATEMENT | |
| Title | Introducing human geographies / |
| Statement of responsibility, etc. | edited by Paul Cloke, Philip Crang and Mark Goodwin |
| 250 ## - EDITION STATEMENT | |
| Edition statement | 2nd ed. |
| 260 ## - PUBLICATION, DISTRIBUTION, ETC. | |
| Place of publication, distribution, etc. | London ; |
| Name of publisher, distributor, etc. | Hodder education , |
| Date of publication, distribution, etc. | 2005 . |
| 300 ## - PHYSICAL DESCRIPTION | |
| Extent | xvii, 653pages : |
| Other physical details | Illustration. som. col. ; |
| Dimensions | 27 cm . |
| 500 ## - GENERAL NOTE | |
| General note | Includes bibliographic references and an index |
| 650 ## - SUBJECT ADDED ENTRY--TOPICAL TERM | |
| Source of heading or term | Oclc |
| Topical term or geographic name entry element | Human geography |
| 700 ## - ADDED ENTRY--PERSONAL NAME | |
| Personal name | Cloke, Paul |
| 700 ## - ADDED ENTRY--PERSONAL NAME | |
| Personal name | Crang, Philip |
| 700 ## - ADDED ENTRY--PERSONAL NAME | |
| Personal name | Goodwin, Mark |
| 942 ## - ADDED ENTRY ELEMENTS (KOHA) | |
| Source of classification or shelving scheme | Library of Congress Classification |
| Koha item type | Non-Fiction |
| Edition | 2nd ed. |
| Suppress in OPAC | No |
| Withdrawn status | Lost status | Source of classification or shelving scheme | Damaged status | Not for loan | Collection | Home library | Current library | Shelving location | Date acquired | Source of acquisition | Total Checkouts | Full call number | Barcode | Date last seen | Price effective from | Koha item type |
|---|---|---|---|---|---|---|---|---|---|---|---|---|---|---|---|---|
| Library of Congress Classification | Non-fiction | Kapasa Makasa University | Kapasa Makasa University | Open Access | 30.12.2022 | Book Aid | GF 41 Int 2005 | 743960 | 30.12.2022 | 30.12.2022 | Non-Fiction | |||||
| Library of Congress Classification | Non-fiction | Kapasa Makasa University | Kapasa Makasa University | Open Access | 30.12.2022 | Book Aid | GF 41 Int 2005 | 749416 | 30.12.2022 | 30.12.2022 | Non-Fiction | |||||
| Library of Congress Classification | Non-fiction | Kapasa Makasa University | Kapasa Makasa University | Open Access | 30.12.2022 | Book Aid | GF 41 Int 2005 | 740048 | 30.12.2022 | 30.12.2022 | Non-Fiction | |||||
| Library of Congress Classification | Non-fiction | Kapasa Makasa University | Kapasa Makasa University | Open Access | 30.12.2022 | Book Aid | GF 41 Int 2005 | 739462 | 30.12.2022 | 30.12.2022 | Non-Fiction |